| 000 | 00619nam a22001337a 4500 | ||
|---|---|---|---|
| 020 | _a978-0-12-821394-0 | ||
| 082 |
_a582.28:631S _bSHA |
||
| 100 | _aSHARMA (Vijayakumar). et al.Ed. | ||
| 245 | _aFungi bio-prospects in sustainable agriculture, environment and nano-technology. Vol. 1: Fungal diversity of sustainable agriculture | ||
| 260 |
_aUK _bElsevier _c2021 |
||
| 300 | _a537p. | ||
| 650 |
_aEndophytic fungi _aBiodiversity _aFungal endophytes _aAbiotic stress tolerance _aPhytopathogenic fungi _aFungal inoculants _aSustainable agriculture _aArbuscular mycorrhizal fungi _aPhytostimulation _aNanotechnology |
||
| 942 | _cBK | ||
| 999 |
_c74670 _d74670 |
||